Decentralizovaný a centralizovaný model súdnej kontroly ústavnosti

Základné členenie foriem a metód, ktorými sa uskutočňuje kontrola ústavnosti v moderných demokratických štátoch. Politická kontrola ústavnosti a jej uplatňovanie v Taliansku a Spolkovej republike Nemecko. Historický vývoj a súčasná charakteristika decentralizovaného a centralizovaného modelu kontrol...

Descrizione completa

Salvato in:
Dettagli Bibliografici
Autore principale: Kresák, P.
Natura: Capitolo di libro
Lingua:slovacco
Soggetti:
Tags: Aggiungi Tag
Nessun Tag, puoi essere il primo ad aggiungerne!!

MARC

LEADER 00000naa a2200000 4500
001 r019176
005 20221205102605.8
041 0 |a slo 
044 |a SK 
245 1 0 |a Decentralizovaný a centralizovaný model súdnej kontroly ústavnosti  |c P. Kresák 
520 |a Základné členenie foriem a metód, ktorými sa uskutočňuje kontrola ústavnosti v moderných demokratických štátoch. Politická kontrola ústavnosti a jej uplatňovanie v Taliansku a Spolkovej republike Nemecko. Historický vývoj a súčasná charakteristika decentralizovaného a centralizovaného modelu kontroly ústavnosti. 
610 2 0 |a ústava 
610 2 0 |a kontrola 
610 2 0 |a súdnictvo 
610 2 0 |a legislatíva 
610 2 0 |a Taliansko 
610 2 0 |a Nemecko 
610 2 0 |a právo ústavné 
100 1 |a Kresák, P.